000 00378pab a2200157 454500
008 180718b1997 xxu||||| |||| 00| 0 eng d
100 _aBanerji, Pranab
245 _aGrowth versus self-reliance
260 _c1997
300 _ap.87-88
362 _aMar-Apr
650 _aEconomic planning - India
650 _aEconomic planning
773 _aKurukshetra
909 _a34114
999 _c34114
_d34114